Exposición sencilla de los sentimientos y conducta del Cuerpo de Guardias de la persona del Rey con motivo de los sucesos de... febrero de 1821. (Record no. 53493)

MARC details
000 -LEADER
campo de control de longitud fija 00530nam a22001575i 4500
001 - NÚMERO DE CONTROL
campo de control 53493
003 - IDENTIFICADOR DE NÚMERO DE CONTROL
campo de control ES-MaACL
005 - FECHA Y HORA DE LA ÚLTIMA TRANSACCIÓN
campo de control 20230906162758.0
007 - CAMPO FIJO DE DESCRIPCIÓN FÍSICA--INFORMACIÓN GENERAL
campo de control de longitud fija t|
008 - DATOS DE LONGITUD FIJA--INFORMACIÓN GENERAL
campo de control de longitud fija 950928s1821 sp ||||1| spa d
040 ## - FUENTE DE CATALOGACIÓN
Centro catalogador/agencia de origen CAM
Lengua de catalogación spa
Centro/agencia transcriptor CAM
245 00 - MENCIÓN DEL TÍTULO
Título Exposición sencilla de los sentimientos y conducta del Cuerpo de Guardias de la persona del Rey con motivo de los sucesos de... febrero de 1821.
260 ## - PUBLICACIÓN, DISTRIBUCIÓN, ETC.
Lugar de publicación, distribución, etc. Madrid :
Nombre del editor, distribuidor, etc. Leonardo Núñez de Vargas,
Fecha de publicación, distribución, etc. 1821.
300 ## - DESCRIPCIÓN FÍSICA
Extensión 68 p. ;
Dimensiones 20 cm.
852 ## - LOCALIZACIÓN
Ubicación ES-MaACL
Número de control de estantería R-3048
Encuadernación Olim:D-4161
Holdings
Estatus retirado Estado de pérdida Estado de daño No para préstamo Colección Biblioteca de origen Biblioteca actual Ubicación en estantería Fecha de adquisición Fuente de adquisición Total de préstamos Signatura topográfica completa Código de barras Visto por última vez Precio de reemplazo Tipo de ítem Koha
        Libros del s. XIX Biblioteca del Ateneo de Madrid Biblioteca del Ateneo de Madrid Depósito 17/01/2008     R-3048 1056208 23/02/2023 23/02/2023 Libro impreso antiguo